[Event "Moscow Petrosian Memorial"]
[Site "Moscow"]
[Date "2014.11.09"]
[Round "5"]
[White "Inarkiev, Ernesto"]
[Black "Ding, Liren"]
[Result "1/2-1/2"]
[WhiteElo "2688"]
[BlackElo "2730"]
[Annotator "Postny,E"]
[PlyCount "61"]
[EventDate "2014.11.04"]
[EventType "tourn"]
[EventRounds "7"]
[EventCountry "RUS"]
[EventCategory "20"]
[SourceTitle "CBM 164"]
[Source "ChessBase"]
[SourceDate "2015.01.15"]
[SourceVersion "1"]
[SourceVersionDate "2015.01.15"]
[SourceQuality "1"]

1. e4 c6 2. d4 d5 3. Nc3 dxe4 4. Nxe4 Nd7 {The Chinese star plays this
variation often.} 5. Nf3 (5. Ng5 {is another story.}) 5... Ngf6 6. Nc3 $5 {
This is rare. Normally White either swaps knights or retreats to g3.} Nb6 {
Usually Black chooses 6...e6, followed by c6-c5 later on. But, Ding Liren
wants to keep the diagonal open for his light-squared bishop, and has already
played it before.} (6... e6 7. Bd3 Be7 8. O-O O-O 9. Qe2 c5 10. Rd1 cxd4 11.
Nxd4 Nc5 12. Bf4 (12. Bc4 $5 $14) 12... Bd7 13. Bb5 a6 14. Bxd7 Ncxd7 15. Rd3
Re8 16. Nb3 Qc8 17. Rad1 Nb6 $11 {0-1 (66) Sipila,V (2425)-Shimanov,A (2630)
Stockholm 2013}) 7. h3 $1 {Limiting Black's bishop; definitely prepared by
Inarkiev beforehand.} (7. Be2 Bg4 8. O-O e6 9. h3 Bf5 10. Nh4 Bg6 11. Bf3 Bd6
12. Qe2 O-O 13. Bg5 Qc7 14. Rad1 Nbd5 15. Nxd5 cxd5 16. Nxg6 hxg6 $11 {1/2-1/2
(49) Yu,Y (2615)-Ding,L (2660) Beijing 2012}) 7... Bf5 8. Bd3 Bxd3 9. Qxd3 e6
10. O-O Be7 $146 (10... Bd6 11. Ne2 Qc7 12. c4 $14 {1-0 (29) Kravtsov,V (1961)
-Krabbenbos,J (1551) Lechenicher SchachServer 2010}) (10... Qc7 11. Bd2 Bd6 12.
Rfe1 Bf4 13. Bxf4 Qxf4 14. Ne2 Qe4 15. Qd2 $14 {1-0 (60) Kistler,D-Campbell,J
USA 1985}) 11. Ne2 O-O 12. c4 $14 Nbd7 (12... c5 {doesn't solve Black's
problems.} 13. Bf4 cxd4 14. Nexd4 Rc8 15. b3 $14 {The Nb6 is misplaced.}) 13.
Bf4 a5 14. a4 $6 {Probably Ernesto didn't want the black pawn to go forward to
a4, or even a3, so decided to block it forever. However, the move weakens the
b4-square, which becomes apparent right away.} (14. Rad1 {was natural.} a4 15.
Nc3 Qa5 16. Rfe1 (16. d5 cxd5 17. cxd5 Nxd5 18. Nxd5 exd5 19. Qxd5 Qxd5 20.
Rxd5 Nc5 {Here Black should equalise.}) 16... Rfe8 17. d5 $1 Nc5 18. Qc2 cxd5
19. cxd5 Nxd5 20. Nxd5 exd5 21. Rxd5 Rac8 22. Re3 $1 {and this position is not
comfortable for Black at all.}) 14... Nc5 $1 15. Qe3 Na6 {Heading to the
stable b4-square.} 16. Rfd1 Nb4 17. Rd2 b5 {Searching for counterplay.} 18. b3
{Keeping the position intact.} ({The engine suggests} 18. axb5 cxb5 19. c5 {
, but I find it strategically risky.}) 18... bxc4 19. bxc4 Qb6 20. Nc3 Rad8 21.
Rad1 Nd7 22. Qe2 {It wasn't necessary to defend the Pc4 before Black plays ...
Qa6.} (22. Ne4 Qa6 23. Bc7 $1 Rc8 ({The exchange sacrifice is not sufficient:} 
23... Qxc4 24. Bxd8 Rxd8 25. Ne5 $16) 24. Bd6 Bxd6 25. Nxd6 Rcd8 26. Ng5 h6 $6
(26... Nf6 $14) 27. Ngxf7 $1 Rxf7 28. Qxe6 Rdf8 29. Re1 Qb6 30. Nxf7 Rxf7 31.
Qe8+ Nf8 32. Re7 Rxe7 33. Qxe7 $16) 22... Rfe8 23. Bg5 $6 {The exchange of
bishops improves Black's position. On the other hand, it's easy to criticise,
but rather difficult to offer anything constructive. I'll try, nevertheless.} (
23. Ne5 Nxe5 (23... Qa6 24. Ne4 $14 Nxe5 $6 25. dxe5 $1 $16) 24. Bxe5 Qa6 25.
Ne4 {White keeps chances to create some threats on the kingside.}) 23... Bxg5
24. Nxg5 h6 25. Nf3 Qc7 (25... c5 $6 {may harm only Black.} 26. Ne4 {[%cal
Gd4c5]} Na6 (26... cxd4 $6 27. Rxd4 Ne5 28. c5 Qc7 29. Nd6 $16) 27. d5 exd5 28.
Rxd5 Nf8 29. Nh4 $1 $36 {[%cal Gh4f5]}) 26. Ne4 Rb8 27. Qe3 Nb6 (27... Nd5 $5 {
was also an option. Black is not worse.}) 28. Rc1 Nd7 29. Rcd1 Nb6 30. Qb3 Nd7
31. Qe3 {It's difficult for either side to make any progress, so the players
decided to call it a day.} 1/2-1/2

[Event "EU-chT (Men) 18th"]
[Site "Porto Carras"]
[Date "2011.11.05"]
[Round "3.3"]
[White "Delchev, Aleksander"]
[Black "Miton, Kamil"]
[Result "1-0"]
[WhiteElo "2629"]
[BlackElo "2622"]
[Annotator "RR"]
[PlyCount "81"]
[EventDate "2011.11.03"]
[EventType "team-swiss"]
[EventRounds "9"]
[EventCountry "GRE"]
[SourceTitle "CBM 146"]
[Source "ChessBase"]
[SourceDate "2012.01.18"]
[SourceVersion "1"]
[SourceVersionDate "2012.01.18"]
[SourceQuality "1"]
[WhiteTeam "Bulgaria"]
[BlackTeam "Poland"]
[WhiteTeamCountry "BUL"]
[BlackTeamCountry "POL"]

1. e4 c6 2. d4 d5 3. Nc3 dxe4 4. Nxe4 Nd7 5. Nf3 Ngf6 6. Ng3 g6 7. h4 h5 8. Bc4
Bg7 9. Qd3 Nd5 10. O-O N7f6 11. Re1 Bg4 12. Ne5 Qc8 $2 (12... O-O 13. Bg5 Nh7
$14) {[%tqu "En","","","","e5g6","",10]} 13. Nxg6 $1 $18 fxg6 14. Qxg6+ Kf8 {
[%tqu "En","","","","e1e7","",10]} 15. Rxe7 $3 Kxe7 16. Qxg7+ Kd6 17. Bxd5 cxd5
18. Qxf6+ Qe6 19. Bf4+ Kc6 20. Qxe6+ Bxe6 21. Re1 Rae8 22. Re3 Kd7 23. Ra3 a6
24. Rb3 b5 25. Be5 Rh7 26. a4 Kc6 27. a5 Kd7 28. Rf3 Rc8 29. c3 Rf7 30. Re3 Rh7
31. b4 Rg8 32. Ne2 Rh6 33. Nf4 Bf7 34. Nd3 Kd8 35. Nc5 Rhg6 36. g3 Re8 37. Rf3
Bg8 38. Rf5 Rh6 39. f3 Be6 40. Rg5 Bc8 41. Bf4 1-0

[Event "World Cup"]
[Site "Reykjavik"]
[Date "1991.??.??"]
[Round "9"]
[White "Ivanchuk, Vassily"]
[Black "Karpov, Anatoly"]
[Result "1/2-1/2"]
[WhiteElo "2735"]
[BlackElo "2730"]
[Annotator "Salov,V"]
[PlyCount "89"]
[EventDate "1991.09.??"]
[EventType "tourn"]
[EventRounds "15"]
[EventCountry "ISL"]
[EventCategory "16"]
[SourceTitle "CBM 026"]
[Source "ChessBase"]
[SourceDate "1992.02.01"]
[SourceVersion "1"]
[SourceVersionDate "1992.02.01"]
[SourceQuality "1"]

1. e4 c6 2. d4 d5 3. Nc3 dxe4 4. Nxe4 Nd7 5. Bc4 Ngf6 6. Ng5 e6 7. Qe2 Nb6 8.
Bd3 h6 9. N5f3 c5 10. dxc5 Bxc5 11. Ne5 Nbd7 12. Ngf3 Qc7 13. O-O (13. Bd2 $4
Nxe5 14. Nxe5 Bxf2+ $1 15. Kxf2 Qxe5 $17) (13. Bf4 $6 Bb4+ 14. Kf1 (14. Nd2
Bxd2+ 15. Kxd2 O-O $13 {Timman}) 14... Bd6 15. Bg3 O-O 16. Rd1 Nxe5 17. Nxe5
Rd8 $1 $15 {Timman-Karpov,Amsterdam 1988}) 13... O-O 14. Re1 (14. Bf4 Bd6 15.
Nxd7 Bxd7 16. Bxd6 Qxd6 17. Ne5 Rfd8 $10 {Jansa-Kholmov,Budapest 1976}) (14.
Bd2 Bd6 15. Nxd7 Bxd7 16. Rae1 Rfd8 17. Ne5 Bb5 $1 $10 {Sokolov,A-Karpov,
Linares(m/7)1987}) 14... b6 {TN} (14... Re8 $6 15. Bf4 Bd6 16. Rad1 Nxe5 17.
Nxe5 a6 18. Bg3 b5 19. Ng4 $1 $16 {Horvath-Navarovszky,Hungary(ch)1980}) 15.
Nxd7 Bxd7 16. Ne5 Bc6 (16... Bc8 $5 17. Qf3 (17. Bxh6 gxh6 18. Qf3 Nh7 $8 (
18... Qe7 $2 19. Nc6 Qc7 20. Qxf6 Qxc6 21. Be4 $18) 19. Qg3+ Ng5 20. h4 f6 21.
hxg5 fxe5 22. gxh6+ Kh8 $19) 17... Bd6 $1 $8 (17... Bb7 18. Qg3 $40) 18. Bf4 (
18. Qxa8 $2 Bb7 19. Qxa7 Ra8 20. Qxa8+ Bxa8 21. Nf3 (21. f4 Bxe5 22. fxe5 Ng4
23. h3 Qc5+ 24. Kh1 Bxg2+ $19) 21... Bxf3 22. gxf3 Bxh2+ 23. Kg2 Bf4 $17) 18...
Bb7 19. Qh3 Rfd8 20. Rad1 Ne4 $1 $10) 17. Nxc6 Qxc6 18. Bf4 $16 Rad8 19. Rad1
Bd6 20. Bd2 $6 (20. Bc1 $142) 20... Qc7 21. g3 Qc6 22. a3 Be7 23. Bc3 Qc7 24.
Be5 Bd6 25. Bc3 (25. Bxf6 $2 gxf6 26. Qg4+ Kh8 27. Qh5 Kg7 28. Re4 f5 29. Rh4
Rh8 $10) 25... Be7 26. Bc4 Qc6 27. Rd3 Rxd3 (27... Qxc4 $4 28. Rxd8 $18) 28.
Bxd3 Rd8 29. Rd1 Rd5 30. Qf3 b5 31. Re1 Qd7 32. Re5 $14 Bf8 33. Rxd5 Nxd5 34.
Qe4 f5 35. Qd4 a6 36. Bd2 $2 (36. b4 $1 Qc6 37. Bb2 Nb6 38. g4 $1 $14) 36...
Be7 37. Qe5 Bf6 38. Qb8+ Kf7 39. Qa8 Qd6 40. b3 Bc3 (40... Bg5 41. Bxg5 (41.
Bb4 $5 $10) 41... hxg5 42. c4 Nc3 43. Qa7+ Kf6 44. Bf1 $10) (40... Qxa3 41.
Bxb5 $1 (41. Bxf5 $2 Qa1+ 42. Kg2 Qd1 43. Bxe6+ Kxe6 44. Qc6+ Ke5 45. f4+ Kd4
46. c3+ Kd3 47. Qxd5+ Kc2 $19) 41... Qa1+ 42. Bf1 Qd1 43. Qb7+ $1 Kg6 44. Ba5
$10) 41. Bxc3 Nxc3 42. Qc8 Nd5 (42... Qd4 $2 43. Qxa6 Nd1 44. Qb7+ Kf6 45. Qf3)
(42... Nd1 43. Be2 $10) 43. b4 $10 Ne7 44. Qb7 Kf6 45. Bf1 1/2-1/2

[Event "Tilburg Fontys"]
[Site "Tilburg"]
[Date "1996.10.14"]
[Round "4"]
[White "Svidler, Peter"]
[Black "Karpov, Anatoly"]
[Result "1/2-1/2"]
[WhiteElo "2650"]
[BlackElo "2775"]
[Annotator "Schlosser,P"]
[PlyCount "54"]
[EventDate "1996.10.11"]
[EventType "tourn"]
[EventRounds "11"]
[EventCountry "NED"]
[EventCategory "16"]
[SourceTitle "CBM 056"]
[Source "ChessBase"]
[SourceDate "1997.02.01"]
[SourceVersion "1"]
[SourceVersionDate "1997.02.01"]
[SourceQuality "1"]

1. e4 c6 2. d4 d5 3. Nd2 dxe4 4. Nxe4 Nd7 5. Ng5 Ngf6 6. Bc4 e6 7. Qe2 Nb6 8.
Bd3 h6 9. N5f3 c5 10. Be3 Qc7 (10... Nbd5 11. Ne5 a6 12. Ngf3 Qc7 13. O-O Bd6
14. c3 b6 (14... b5 15. a4 $1 (15. Bd2 Bb7 16. Rac1 cxd4 17. cxd4 Qb6 $132 {
0-1 Hellers,F-Khalifman,A/Biel izt 1993 (45)}) 15... c4 16. Bc2 Bb7 17. Bd2 O-O
18. Nh4 Ne7 19. f4 Rae8 $14 {Wedberg,T-Engqvist,T/Stockholm 1995/1/2-1/2 (99)})
15. Rad1 (15. Rac1 Bb7 16. Bd2 O-O 17. Bb1 cxd4 18. cxd4 Qe7 $11 19. a3 a5 20.
Rfe1 Ba6 21. Qd1 Rac8 22. Rxc8 Rxc8 23. g4 $5 $36 {1-0 Hellers,F-Adorjan,A/
Thessaloniki olm 1988 (40)}) 15... O-O 16. Bc1 Bb7 17. Rfe1 Rfd8 18. Bb1 b5 19.
a3 Rac8 20. h3 Ba8 21. Nh4 $1 cxd4 22. cxd4 $15 {1-0 Karpov,A-Balashov,Y/
Tilburg 1977 (36)}) 11. Ne5 Bd6 12. Ngf3 Nbd5 $1 {Ein in dieser Stellung
offenbar neuer Zug, der nach den Entwicklungen der letzten Jahre jedoch nicht
mehr sehr überrascht: Hat sich doch die freiwillige Aufgabe der Rochade zu
einem Standardmotiv im Karpov-Petrosian-System der Caro-Kann-Verteidigung
entwickelt.} (12... O-O $2 13. g4 $1 c4 14. Nxc4 Nxc4 15. Bxc4 Nxg4 16. Rg1 e5
17. O-O-O Nxe3 18. Qxe3 Kh8 19. Rxg7 $1 $40 {1-0 Shamkovich,L-Kholmov,R/
URS-ch29 Baku 1961 (27)}) 13. Bb5+ {Verzichtet Weiß auf dieses Schach, so kann
Schwarz versuchen, sich gegenüber der Variante 10....Nbd5 11.Ne5 a6 12. Ngf3
Qc7 0-0 Bd6 14.c3 b6 das Tempo a6 zugunsten der Rochade zu sparen.} Ke7 14. O-O
a6 {Allerdings gewinnt Schwarz auch so gegenüber der alten Hauptvariante 10...
Nbd5 11.Ne5 a6 ein Tempo: Durch die weißen Läuferzüge zunächst zwei, von denen
später eines mit der künstlichen Rochade wieder "verloren" geht.} 15. Bd3 b5
16. c3 Bb7 17. Bd2 cxd4 18. cxd4 {In der Variante 10.Be3 kommt es oft zu
dieser eigenartigen Isolanistruktur: beide Seiten haben ohne nennenswerte
Berührungspunkte "ihre Springerfelder" fest unter Kontrolle; jeder steht "für
sich" gut... Die Partien, die ich zur alten Hauptvariante zitiert habe, geben
meines Erachtens die Chancen und Gefahren für beide Parteien recht gut wieder.}
Rhc8 19. Rfc1 (19. Rfe1 Kf8 20. Rac1 Qb6 $13 (20... Qe7 $2 21. Bg6 $18)) 19...
Qb6 20. Re1 {/\ 21.a4 >< c4} Bb4 $1 {Da nicht zu sehen ist, wie ein weißer
Springer nach c5 gelangen kann, ist der Läufertausch günstig für Schwarz, da
das weiße Angriffspotential reduziert wird - so ist ein Bauernsturm ähnlich
der Partie Hellers - Adorjan (s.o.) nicht mehr zu befürchten.} 21. a4 Bxd2 22.
Qxd2 Kf8 23. Bf1 Rab8 24. axb5 axb5 25. Qd3 Ne7 26. Qa3 b4 27. Qb3 Bd5 $15 {
Offensichtlich war Karpov in Tilburg nicht in besonderer Form und Spiellaune,
sonst wären wir hier sicher Zeuge einer der für ihn typischen "Massagen"
geworden.} 1/2-1/2

[Event "Tilburg Fontys"]
[Site "Tilburg"]
[Date "1996.10.14"]
[Round "4"]
[White "Polgar, Judit"]
[Black "Leko, Peter"]
[Result "0-1"]
[WhiteElo "2665"]
[BlackElo "2630"]
[Annotator "Schlosser,P"]
[PlyCount "122"]
[EventDate "1996.10.11"]
[EventType "tourn"]
[EventRounds "11"]
[EventCountry "NED"]
[EventCategory "16"]
[SourceTitle "CBM 056"]
[Source "ChessBase"]
[SourceDate "1997.02.01"]
[SourceVersion "1"]
[SourceVersionDate "1997.02.01"]
[SourceQuality "1"]

1. e4 {Leko} c6 2. d4 d5 3. Nc3 dxe4 4. Nxe4 Nd7 5. Bc4 Ngf6 6. Ng5 e6 7. Qe2
Nb6 8. Bd3 h6 9. N5f3 c5 10. Ne5 $6 {Mit dieser neuen Idee stellt Weiß nur
sich selbst vor Probleme!} cxd4 (10... Qxd4 11. Ngf3 Qd8 12. Bf4 $32) 11. Bd2 (
11. Ngf3 {Leko} Bb4+ 12. Bd2 Bxd2+ 13. Qxd2 O-O 14. Nxd4 Nbd7 $1 $10) 11... Bd6
$1 {Wenn sich Schwarz stattdessen in aller Ruhe seines Mehrbauern auf d4
erfreut, könnte es nach einem Bauernsturm am Königsflügel (Angriffsmarke h6!)
schnell ein böses Erwachen geben. Es ist als wichtig, schnell den weißen
Vorposten auf e5 zu unterminieren.} 12. Ngf3 {Konsequent im Sinne von 10.Ne5
wäre 12.f4. Es fällt jedoch schwer, an den weißen Angriff zu glauben.} Nbd7 13.
O-O-O O-O (13... Nxe5 {Leko} 14. Nxe5 O-O 15. f4 $1 $36 {/\g2-g4}) 14. Nxd7 {
Damit gesteht Weiß praktisch das Scheitern seines Experiments ein und bemüht
sich um Schadensbeschränkung.} (14. g4 $6 Nxe5 15. Nxe5 Bxe5 16. Qxe5 Qd5 $1
$17 (16... Nxg4 $2 17. Qg3 {/\ Rhg1 ->})) 14... Bxd7 15. Nxd4 (15. g4 $5 Bc6 (
15... e5 16. g5 e4 (16... hxg5 17. Bxg5 $44) 17. Bxe4 Nxe4 18. Qxe4 Bc6 19. Qd3
Re8 20. Rhe1 $1 $13 (20. gxh6 $2 Be4 $1 21. Qxd4 Be5 $17)) (15... Nxg4 $2 16.
Rhg1 e5 17. h3 Re8 18. Be4 $1 $40 (18. hxg4 $140 $2 e4 19. Bxe4 Bc6 $17)) 16.
Rhg1 (16. g5 Nh5 $1 17. gxh6 Nf4 $17) 16... e5 17. Nxe5 (17. g5 e4 18. gxf6
Qxf6 19. Bxe4 Rfe8 $17) 17... Bxe5 18. Qxe5 Be4 $5 {/\ 19...Te8 <=>}) 15... Qc7
16. g3 (16. g4 {Leko} Bf4 $1) 16... Rac8 17. c3 a6 18. f4 b5 19. Kb1 Rfd8 (
19... Rfe8 $5 {Leko} 20. Nf3 e5 $1 21. fxe5 Bxe5 $10) 20. Rhe1 Bc5 $1 21. Nf3
Ng4 22. Rf1 (22. Nd4 $1 {Leko} Bxd4 $5 (22... Nf6 23. Nf3 Ng4 $10) 23. cxd4 Nf6
24. g4 Nd5 $13) 22... Bc6 23. Nd4 Bxd4 24. cxd4 Nf6 $17 {>< d5 Es folgt eine
Massage auf den weißen Feldern ganz im Sinne Nimzowitschs.  STRATEGIE
FELDERSCHWÄCHE} 25. Bc3 (25. g4 {Leko} Rxd4 26. g5 Rxd3 $1 27. gxf6 Be4 $1 28.
Qxe4 Qc2+ 29. Ka1 Rxd2) 25... Bd5 26. f5 Re8 $1 27. Qd2 exf5 28. Ba5 (28. Bxf5
{Leko} Qc4 $1) (28. Rxf5 {Leko} Ne4 29. Qc2 Qd7 $1) 28... Qb7 29. Bxf5 Be4+ {
Im Spiel gegen das Läuferpaar ist es stets sinnvoll dieses beizeiten zu
halbieren.} 30. Bxe4 Qxe4+ 31. Qd3 Nd5 32. a3 (32. Qxe4 {Leko} Rxe4 33. Rf5 Ne3
34. Re1 Rxd4 $1) 32... Qxd3+ 33. Rxd3 g6 34. Rf2 f6 35. Bb4 Kf7 36. Bc5 Re1+
37. Ka2 Rce8 38. a4 R8e3 39. Rxe3 Rxe3 40. axb5 axb5 41. Kb1 h5 42. Kc1 h4 43.
gxh4 Rh3 44. Re2 Rxh4 45. Kd1 g5 46. Ke1 Kg6 47. Kf1 Kf5 48. Kg1 Re4 49. Rc2
Re3 50. b4 Ke4 51. Ra2 g4 52. Rb2 Nf4 (52... f5 {Leko}) 53. Rb1 Re2 54. Rf1 Nd5
55. Rf2 Rxf2 (55... Re1+ $1 {Leko} 56. Kg2 Ne3+ 57. Kg3 Rg1+ 58. Kh4 g3 $1 59.
Ra2 (59. hxg3 Rh1+) 59... gxh2 $1 60. Rxh2 Nf5+ 61. Kh3 (61. Kh5 Rg5#) 61...
Rg3#) 56. Kxf2 f5 57. Ke2 f4 58. Kf2 Kd3 59. Bd6 Kxd4 60. Ke2 Nc3+ 61. Kf1 Ke3
0-1

[Event "New York PCA-qual"]
[Site "New York"]
[Date "1995.??.??"]
[Round "8"]
[White "Adams, Michael"]
[Black "Speelman, Jonathan S"]
[Result "0-1"]
[WhiteElo "2655"]
[BlackElo "2610"]
[Annotator "Speelman,J"]
[PlyCount "78"]
[EventDate "1995.??.??"]
[EventType "swiss"]
[EventRounds "11"]
[EventCountry "USA"]
[SourceTitle "CBM 047 Extra"]
[Source "ChessBase"]
[SourceDate "1995.09.01"]
[SourceVersion "1"]
[SourceVersionDate "1995.09.01"]
[SourceQuality "1"]

1. e4 c6 2. d4 d5 3. Nd2 dxe4 4. Nxe4 Nd7 5. Ng5 Ngf6 6. Bd3 e6 7. N1f3 Bd6 8.
Qe2 h6 9. Ne4 Nxe4 10. Qxe4 Nf6 11. Qe2 Qc7 12. Bd2 b6 13. O-O-O Bb7 14. Kb1
Rd8 $5 15. Rhe1 O-O 16. g4 (16. Ne5 c5 17. f4 cxd4 18. g4 Nd5 19. g5 hxg5 20.
Qh5 f5 $13 {Kasparov-Epishin Moscow PCA Quickplay 1995}) 16... Bf4 17. Ne5 Rxd4
18. Bxf4 Rxf4 19. h4 $2 (19. Qe3 Nd5) (19. Qd2 $5) 19... c5 20. Qd2 Rd4 21. c3
(21. g5 $2 Ne4) 21... Rd5 22. Qe2 $2 (22. g5) 22... Rxe5 $1 23. Qxe5 Qxe5 24.
Rxe5 Nxg4 25. Ree1 (25. Re2 Bf3) 25... Nxf2 26. Rd2 Nxd3 27. Rxd3 Bd5 $19 28.
b3 f5 29. Kb2 b5 30. c4 $5 bxc4 31. bxc4 Bxc4 32. Rd7 Rf7 33. Rxf7 Kxf7 34. Rc1
Bd5 35. Rxc5 g5 36. hxg5 hxg5 37. Rc7+ Kf6 38. Rxa7 (38. Kc3 {puts up more
resistance but obviously must be losing.} Bxa2 (38... g4 39. Kd4 Bxa2 40. Rxa7
Bd5 41. Ke3 Ke5 (41... Kg5 42. Rg7+) 42. Rf7 Be4 43. Rf8 Kd6 44. Kf4 e5+ 45.
Kg3 Ke6 46. Re8+ Kf6 47. Rf8+ Ke7 48. Rb8 Kf6 49. Kh4 Bf3 50. Rb6+ Ke7 51. Kg5
Be4 52. Kh4) 39. Rxa7 Bd5 40. Kd4 f4 $1 41. Rc7 g4 42. Rc8 g3 43. Rf8+ Kg5 44.
Ke5 f3 45. Rg8+ Kh4 46. Rg7 f2) 38... g4 39. Kc3 g3 0-1

[Event "Linares 10th"]
[Site "Linares"]
[Date "1992.??.??"]
[Round "6"]
[White "Kasparov, Garry"]
[Black "Speelman, Jonathan S"]
[Result "1/2-1/2"]
[WhiteElo "2780"]
[BlackElo "2630"]
[Annotator "Speelman,J"]
[PlyCount "120"]
[EventDate "1992.02.??"]
[EventType "tourn"]
[EventRounds "13"]
[EventCountry "ESP"]
[EventCategory "17"]
[SourceTitle "CBM 028"]
[Source "ChessBase"]
[SourceDate "1992.06.01"]
[SourceVersion "1"]
[SourceVersionDate "1992.06.01"]
[SourceQuality "1"]

1. e4 c6 2. d4 d5 3. Nd2 dxe4 4. Nxe4 Nd7 5. Bc4 Ngf6 6. Ng5 e6 7. Qe2 Nb6 8.
Bb3 a5 9. c3 $5 a4 10. Bc2 a3 11. b3 Nbd5 12. Bd2 Bd6 (12... Nxc3 13. Bxc3 Nd5
14. Bd2 Nb4 15. Be3 $1 $8 Qa5 16. Kf1 b6 17. Qd2 $18) 13. N1f3 (13. g3) 13...
Nf4 14. Qf1 h6 15. Ne4 (15. Nxf7 $2 Kxf7 16. Ne5+ Bxe5 17. dxe5 Qa5 $1 18. exf6
Qe5+ 19. Kd1 Rd8 {Kasparov}) 15... Nxe4 16. Bxe4 O-O 17. g3 Nd5 18. Qe2 c5 19.
dxc5 Bxc5 20. Ne5 $1 $8 Qc7 21. O-O $1 $10 Be3 $6 {?!?} 22. fxe3 $1 (22. Bxe3
Nxc3 $1 (22... Qxe5 $2 23. Bd4 Nxc3 $2 24. Bh7+ $1) 23. Qh5 (23. Bh7+ $5) 23...
Nxe4 (23... Ra5 {><c5}) 24. Rac1 Qa5 25. b4 Qb5 26. Bc5 Nf6) 22... Qxe5 23. Qd3
(23. Bc2 b5 (23... f5 24. Qd3 Nf6) 24. Qd3 f5 25. e4 fxe4 26. Qxe4 Qxe4 27.
Bxe4 Ba6) 23... Ra6 $8 24. c4 Nf6 25. Bg2 Rd6 26. Qc3 $1 Qg5 27. Qa5 $1 $16 {
><a3, ><b7;} e5 28. Bb4 Ra6 29. Qb5 Bd7 $6 $138 (29... Rd8) 30. Qxb7 Qxe3+ 31.
Kh1 Ra7 (31... Rb6 32. Qa7 $18) 32. Bd2 $2 (32. Qf3 $16) 32... Qd4 33. Bc3 Qc5
34. Qb4 $2 Qc7 35. c5 Bc6 $6 (35... Rb8 $17) 36. Qb6 Bxg2+ 37. Kxg2 Nd5 38.
Qxc7 Rxc7 39. Bxe5 Rxc5 40. Bd6 Rc2+ 41. Rf2 Rfc8 $1 (41... Rd8 42. Rxc2 Ne3+
43. Kf2 Nxc2 44. Rd1 Nb4 45. Rd2 Nxa2 46. Bf4 $1 $18) 42. Bxa3 Ne3+ 43. Kg1 Ra8
(43... Ng4 44. Rxc2 Rxc2 45. Bc1 Nxh2 46. a4 Nf3+ 47. Kf1 $18) 44. Bb2 $1 (44.
Bb4 $4 Raxa2 45. Rxa2 Rc1+ $19) (44. Bc1 $2 Raxa2 45. Rxc2 Rxa1 46. Rc8+ Kh7
47. Kf2 Nd5 $10 (47... Ng4+ $5)) 44... Rxf2 45. Kxf2 Nc2 46. Rc1 Nb4 47. Rb1
Rxa2 48. Ke3 $16 f6 49. Kd4 (49. Ke4 {/\ Bc3}) 49... Nc2+ 50. Kc3 (50. Kc5 Ra8)
(50. Kc4) 50... Na3 $1 51. Bxa3 Rxa3 $16 {But possibly drawn with good defence.
} 52. Kb2 Ra7 53. b4 Kf7 54. b5 Ke6 55. Kb3 Kd7 $1 (55... Kd6 56. b6 Ra8 (56...
Rb7 57. Ka4 $18) 57. Kc4 $1 Kc6 (57... Rb8 58. Kb5) 58. Kd4 Kd6 59. Ke4 Ke6 60.
g4 $18) 56. h4 $2 (56. Rc1 {Gives good winning chances, though perhaps Black
can hold.} Ra5 (56... h5 $5) 57. Kb4 Ra2 58. b6 (58. h3 Rb2+ 59. Ka5 $6 (59.
Ka4 $1) 59... Rb3 60. b6 Rxg3 61. b7 Rb3 62. Ka6 f5 63. Ka7 Ra3+ $10) (58. h4
Rb2+ 59. Ka5 h5 60. b6 g5 61. Rc5 Rb3 62. hxg5 fxg5 63. Rxg5 Kc6 $16) 58...
Rxh2 59. Kb3 (59. Rc7+ Kd6 60. Rxg7 Kc6) 59... Rh5 60. Ka4 Rh2 61. Kb5 Rb2+ 62.
Ka6 Ra2+ 63. Kb7 g5) 56... h5 $1 57. Rc1 Rc7 $1 58. Rd1+ (58. Rxc7+ Kxc7 59.
Kc4 Kb6 60. Kd5 g5 61. Ke6 gxh4 62. gxh4 Kxb5 63. Kxf6 Kc6 64. Kg6 Kd7 65. Kxh5
Ke8 66. Kg6 Kf8 $10) 58... Kc8 59. Rd5 Re7 60. Kc4 Re3 1/2-1/2